00310nam a2200133Ia 4500003000400000005001700004008004100021020001900062040002000081100001900101100000900120245003900129260000800168OSt20240221113450.0170524s9999 xx 000 0 und d a978-9332560086 cIIMT UNIVERSITY aSUNDARAN ANANT c2012 0aINTERNATIONAL BUSINESS ENVIRONMENT aPHI